| 000 | 00449nam a22001457a 4500 | ||
|---|---|---|---|
| 005 | 20151210110324.0 | ||
| 008 | 151210b xxu||||| |||| 00| 0 eng d | ||
| 050 |
_aN7483.F79 _bW66 1976 |
||
| 100 |
_aWoolf, Virginia _920175 |
||
| 245 |
_aRoger fry _ba biography _cby Woolf, Virginia |
||
| 260 |
_aNew York _bHarcourt Brace Jovanovich _c1976 |
||
| 300 |
_a303p.; _c21cm. |
||
| 600 |
_aFry, Roger Eliot _d1866- 1934 _921307 |
||
| 942 |
_2lcc _cMONOGRAPH |
||
| 999 |
_c123876 _d123876 |
||